Možnosti zníženia zadlženosti štátu

Bibliographic Details
Main Author: Hölcz, Róbert (Author)
Format: Article
Language:Slovak
Subjects:

MARC

LEADER 00000nab a2200000 a 4500
001 vtls000607144
003 SK-MaSNL
005 20260303014217.0
008 160401c1996 xo 0 slo
015 |a SNBRB19rr/mm-uuuuu 
035 |a CL0607283 
040 |a SNKBUCL  |b slo  |c SNKBUCL  |e AACR2 
041 0 |a slo 
044 |a xo  |c SK 
080 |a 336.121.2(437.6):336.3(437.6)  |2 1981 
080 |a 336.3(437.6)  |2 1981 
100 1 |a Hölcz, Róbert  |4 aut  |9 711665 
245 1 0 |a Možnosti zníženia zadlženosti štátu  |c Róbert Hölcz 
650 0 7 |a štátny rozpočet  |2 snkbucl  |9 2364 
650 0 7 |a dlhy štátne  |2 snkbucl  |9 840510 
655 7 |a články z novín a časopisov  |2 snkbucl  |9 267496 
773 0 |t Slovenská republika  |g Roč. 4, č. 295 (18. 12. 1996), s. 3 
850 |a Slovenská národná knižnica v Martine  |a MTA001 
852 |a SNK  |b KIS3GCP 
958 |a SK 
958 |a RK 
958 |a RBX 
999 |c 1606529  |d 1608459